| 000 | 00728nam a2200217 i 4500 | ||
|---|---|---|---|
| 001 | 75292 | ||
| 003 | ES-MaACL | ||
| 005 | 20230906172410.0 | ||
| 007 | t| | ||
| 008 | 040923s1960 sp ||||1| spa d | ||
| 100 | 1 |
_aGrant, Michael. _959661 |
|
| 245 | 1 | 3 |
_aEl mundo romano / _cMichael Grant ; [lo tradujo al español Luis Gil]. |
| 260 |
_aMadrid : _bGuadarrama, _c[1960] |
||
| 300 |
_a352, 39 lám. col. y n. : _bil., 6 mapas col. ; _c32 cm. |
||
| 490 | 1 | _aHistoria de la cultura Guadarrama | |
| 651 | 4 |
_aRoma- _xHistoria- _y30 a.C.-284 d.C., Alto Imperio. _99318 |
|
| 700 | 1 |
_aGil Fernández, Luis. _956817 |
|
| 830 | 1 |
_aHistoria de la cultura Guadarrama _9183491 |
|
| 852 |
_aES-MaACL _jC-19626 |
||
| 999 |
_c75292 _d75292 |
||